000 00276cam a22000857a 4500
008 180718b1995 xxu||||| |||| 00| 0 eng d
245 _aSukchmeekaran avaim bhavishya ka avtaran
_cedited by Brahmverchasas
260 _aMathura
_bAkhand Jyoti Sansthan
_c1995
700 _aBrahmverchasas
999 _c438976
_d438976